| 000 | 00818nac a22002051u 4500 | ||
|---|---|---|---|
| 010 | _a2004054423 | ||
| 020 | _a0072256214 | ||
| 082 | 0 | 0 |
_a005.2768 _bO132 |
| 090 |
_c738 _d738 |
||
| 100 | _aO'Brien, Bernie, | ||
| 245 | 1 | 0 |
_aMicrosoft Visual Basic .NET programming essentials / _cBernie O'Brien, Catherine Seaver. |
| 260 |
_aRedmond, WA : _bMicrosoft Press,2004 _c2004. |
||
| 300 |
_a632 p. : _bill., col. ; _c28 cm. + _e5 CD-ROM (4 3/4 in.) |
||
| 504 | _aIncludes bibliographical references and index. | ||
| 650 | 0 | _aBASIC (Computer program language) | |
| 650 | 0 | _aMicrosoft .NET. | |
| 700 | 1 |
_aSeaver, Catherine, _d1962- |
|
| 942 |
_cBB _k005.2768O132 |
||
| 999 |
_c738 _d738 |
||